Química

Bibliographic Details
Main Authors: Chang, Raymond, Goldsby, Kenneth
Format: Section = Libro
Language:Undetermined
Spanish
Published: México McGraw-Hill 2016
Edition:12a.ed
Subjects:
LEADER 00682nam a2200277Ia 4500
008 240830s9999 xx 000 0 und d
020 |a 978-0-07-802151-0 
040 |a CEDOC FIQ-RUSB / 540 Ch455 
041 |a spa 
082 |a 540 Ch455 
100 1 |a Chang, Raymond 
100 1 |b  Goldsby, Kenneth 
245 1 0 |a Química 
250 |a 12a.ed 
260 |a México  |b McGraw-Hill  |c 2016 
300 |a 1107 p. : il. 
650 7 |a QUIMICA 
650 7 |b  TERMODINAMICA 
650 7 |c  CINETICA QUIMICA 
650 7 |d  EQUILIBRIO QUIMICO 
650 7 |e  ELECTROQUIMICA 
650 7 |f  QUIMICA NUCLEAR 
650 7 |g  QUIMICA ORGANICA 
942 |c BK  |2 ddc 
991 |a TEXTO 
999 |c 13662